Biggest Cities the Duchy of Saxony under Henry the Lion with a Map - Statistics

General Stats
  • This quiz has been taken 164 times
  • The average score is 8 of 18
Answers on the Map
Answers color-coded by a green-red scale on the quiz's map according to % correct below.
 
Answer Stats
Population City % Correct
5,000 Breme (Bremen)
85%
5,000 Lubike (Lübeck)
82%
16,000 Magdeburch (Magdeburg)
73%
10,000 Munstre (Münster)
69%
8,000 Bruneswic (Braunschweig)
63%
7,000 Tremonia (Dortmund)
62%
6,000 Osanbruge (Osnabrück)
54%
8,000 Lüneborch (Lüneburg)
53%
3,000 Halla (Halle)
52%
3,000 Gotingen (Göttingen)
46%
6,000 Paderborne (Paderborn)
41%
5,000 Hildinisheim (Hildesheim)
39%
4,000 Goslare (Goslar)
33%
8,000 Halverstede (Halberstadt)
21%
10,000 Bardewic (Bardowick)
18%
12,000 Suosat (Soest)
18%
5,000 Mersiburch (Merseburg)
17%
3,000 Helmestede (Helmstedt)
9%
No matching quizzes found
Score Distribution
Percent of People with Each Score
Percentile by Number Answered
Your Score History
You have not taken this quiz